Cílování inflace: zkušenosti čtyř zemí
Dôvody založenia menovej stratégie na priamom cieľovaní inflácie. Problémy koncipovania režimu cieľovania inflácie (definícia a meranie inflácie, transparentnosť, pružnosť, časovanie). Úspešnosť cieľovania inflácie. Skúsenosti Nového Zélandu. Prijatie a praktické fungovanie režimu cieľovania infláci...
Enregistré dans:
| Auteur principal: | |
|---|---|
| Autres auteurs: | , |
| Format: | Chapitre de livre |
| Langue: | tchèque |
| Sujets: | |
| Tags: |
Pas de tags, Soyez le premier à ajouter un tag!
|
MARC
| LEADER | 00000naa a2200000 4500 | ||
|---|---|---|---|
| 001 | r031561 | ||
| 005 | 20230929092110.8 | ||
| 041 | 0 | |a cze | |
| 044 | |a CZ | ||
| 245 | 1 | 0 | |a Cílování inflace: zkušenosti čtyř zemí |c Frederic S. Mishkin, Adam S. Posen ; preložil Jiří Jonáš |
| 520 | |a Dôvody založenia menovej stratégie na priamom cieľovaní inflácie. Problémy koncipovania režimu cieľovania inflácie (definícia a meranie inflácie, transparentnosť, pružnosť, časovanie). Úspešnosť cieľovania inflácie. Skúsenosti Nového Zélandu. Prijatie a praktické fungovanie režimu cieľovania inflácie. Menová politika. Hlavné závery z novozélandskej skúsenosti. | ||
| 610 | 2 | 0 | |a inflácia |
| 610 | 2 | 0 | |a politika menová |
| 610 | 2 | 0 | |a stabilita cien |
| 610 | 2 | 0 | |a Nový Zéland |
| 100 | 1 | |a Mishkin, Frederic S. | |
| 700 | 1 | |a Posen, Adam S. | |
| 700 | 1 | |a Jonáš, Jiří | |